সংক্ষিপ্ত ইসলামী বিশ্বকোষ / (Record no. 84578)
[ view plain ]
| 000 -LEADER | |
|---|---|
| fixed length control field | 01107nam a22002417a 4500 |
| 001 - CONTROL NUMBER | |
| control field | 84578 |
| 003 - CONTROL NUMBER IDENTIFIER | |
| rucl marc code | BD-RjUL |
| 005 - DATE AND TIME OF LATEST TRANSACTION | |
| control field | 20250109103714.0 |
| 008 - FIXED-LENGTH DATA ELEMENTS--GENERAL INFORMATION | |
| fixed length control field | 250106s2004 bg ||||| e||| 001 0 ben d |
| 035 ## - SYSTEM CONTROL NUMBER | |
| System control number | (BD-RjUL)84578 |
| 040 ## - CATALOGING SOURCE | |
| Original cataloging agency | BD-RjUL |
| Language of cataloging | ben |
| Transcribing agency | BD-RjUL |
| 041 ## - LANGUAGE CODE | |
| Language code of text/sound track or separate title | ben |
| 082 ## - DEWEY DECIMAL CLASSIFICATION NUMBER | |
| Edition number | 23 |
| Classification number | 297.03 |
| Author mark and year | ISL 2004 |
| 245 ## - TITLE STATEMENT | |
| Title | সংক্ষিপ্ত ইসলামী বিশ্বকোষ / |
| Statement of responsibility, etc. | সম্পাদনা পরিষদ কতৃর্ক সংকলিত ও সম্পাদিত |
| 250 ## - EDITION STATEMENT | |
| Edition statement | দ্বিতীয় সংস্করন |
| 260 ## - PUBLICATION, DISTRIBUTION, ETC. (IMPRINT) | |
| Place of publication, distribution, etc. | ঢাকা : |
| Name of publisher, distributor, etc. | ইসলামী বিশ্বকোষ প্রকল্প, ইসলামিক ফাউন্ডেশন বাংলাদেশ, |
| Date of publication, distribution, etc. | ২০০৪-২০০৫ |
| 300 ## - PHYSICAL DESCRIPTION | |
| Pagination | খন্ড ; |
| Size | ২৮ সেমি. |
| 504 ## - BIBLIOGRAPHY, ETC. NOTE | |
| Bibliography, etc | গ্রন্থপঞ্জি ও সূচী অন্তর্ভুক্ত. |
| 505 0# - FORMATTED CONTENTS NOTE | |
| Formatted contents note | ১ম খন্ড, ২য় খন্ড, |
| 650 ## - SUBJECT ADDED ENTRY--TOPICAL TERM | |
| Topical term or geographic name as entry element | Islam |
| Form subdivision | Encyclopedias |
| 9 (RLIN) | 14756 |
| Topical term or geographic name as entry element | Islam |
| Geographic subdivision | Bangladesh |
| Form subdivision | Encyclopedias. |
| 9 (RLIN) | 14757 |
| 942 ## - ADDED ENTRY ELEMENTS (KOHA) | |
| Source of classification or shelving scheme | Dewey Decimal Classification |
| Koha item type | Books |
| Lost status | Source of classification or shelving scheme | Damaged status | Not for loan | Permanent Location | Current Location | Shelving location | Date acquired | Source of acquisition | Full call number | Date last seen | Copy number | Koha item type | Total Checkouts |
|---|---|---|---|---|---|---|---|---|---|---|---|---|---|
| Dewey Decimal Classification | Not For Loan | Central Library, University of Rajshahi | Central Library, University of Rajshahi | Documentation Section | 14/09/2011 | Controller of Exam. R.U. | BR 297.03 V-1 ISL 2004 | 06/01/2025 | C-1 | Books | |||
| Dewey Decimal Classification | Not For Loan | Central Library, University of Rajshahi | Central Library, University of Rajshahi | Documentation Section | 14/09/2011 | BR 297.03 V-1 ISL 2005 | 06/01/2025 | C-2 | Books | ||||
| Dewey Decimal Classification | Not For Loan | Central Library, University of Rajshahi | Central Library, University of Rajshahi | Documentation Section | 07/06/2009 | Islamic Fundation, Dhaka | BR 297.03 V-2 ISL 2004 | 06/01/2025 | C-1 | Books | |||
| Dewey Decimal Classification | Not For Loan | Central Library, University of Rajshahi | Central Library, University of Rajshahi | Documentation Section | 07/06/2004 | Islamic Fundation, Dhaka | BR 297.03 V-1 ISL 2004 | 06/01/2025 | C-3 | Books |